<?xml version="1.0" encoding="UTF-8"?><marc:collection xmlns:marc="http://www.loc.gov/MARC21/slim">
  <marc:record>
    <marc:leader>04053nam#a2200985#ib4500</marc:leader>
    <marc:controlfield tag="001">almahu_BV011961960</marc:controlfield>
    <marc:controlfield tag="005">20210801233015.0</marc:controlfield>
    <marc:controlfield tag="007">tu</marc:controlfield>
    <marc:controlfield tag="008">980519|1998####gw######r####z|||#u#ger#u</marc:controlfield>
    <marc:controlfield tag="003">DE-602</marc:controlfield>
    <marc:datafield tag="016" ind1="7" ind2=" ">
      <marc:subfield code="a">75826653</marc:subfield>
      <marc:subfield code="2">OCoLC</marc:subfield>
    </marc:datafield>
    <marc:datafield tag="016" ind1="7" ind2=" ">
      <marc:subfield code="a">953673278</marc:subfield>
      <marc:subfield code="2">DE-101b</marc:subfield>
    </marc:datafield>
    <marc:datafield tag="020" ind1=" " ind2=" ">
      <marc:subfield code="a">3-933191-02-5</marc:subfield>
    </marc:datafield>
    <marc:datafield tag="035" ind1=" " ind2=" ">
      <marc:subfield code="a">BV011961960</marc:subfield>
    </marc:datafield>
    <marc:datafield tag="035" ind1=" " ind2=" ">
      <marc:subfield code="a">(DE-599)BVBBV011961960</marc:subfield>
    </marc:datafield>
    <marc:datafield tag="035" ind1=" " ind2=" ">
      <marc:subfield code="a">(DE-604)BV011961960</marc:subfield>
    </marc:datafield>
    <marc:datafield tag="040" ind1=" " ind2=" ">
      <marc:subfield code="c">DE-604</marc:subfield>
      <marc:subfield code="e">rakwb</marc:subfield>
      <marc:subfield code="a">20------</marc:subfield>
      <marc:subfield code="d">DE-20</marc:subfield>
    </marc:datafield>
    <marc:datafield tag="041" ind1=" " ind2="7">
      <marc:subfield code="a">ger</marc:subfield>
      <marc:subfield code="2">ISO 639-2</marc:subfield>
    </marc:datafield>
    <marc:datafield tag="044" ind1=" " ind2=" ">
      <marc:subfield code="a">gw</marc:subfield>
      <marc:subfield code="c">DE</marc:subfield>
    </marc:datafield>
    <marc:datafield tag="084" ind1=" " ind2=" ">
      <marc:subfield code="a">CP 3000</marc:subfield>
      <marc:subfield code="2">rvk</marc:subfield>
    </marc:datafield>
    <marc:datafield tag="084" ind1=" " ind2=" ">
      <marc:subfield code="a">DG 5000</marc:subfield>
      <marc:subfield code="2">rvk</marc:subfield>
    </marc:datafield>
    <marc:datafield tag="100" ind1="1" ind2=" ">
      <marc:subfield code="a">Schuhrke, Bettina,</marc:subfield>
      <marc:subfield code="d">1957-</marc:subfield>
      <marc:subfield code="0">(DE-588)120439212</marc:subfield>
    </marc:datafield>
    <marc:datafield tag="245" ind1="1" ind2="0">
      <marc:subfield code="a">Kindliche Körperscham und familiale Schamregeln :</marc:subfield>
      <marc:subfield code="b">eine Studie im Auftrag der BZgA /</marc:subfield>
      <marc:subfield code="c">von Bettina Schuhrke.</marc:subfield>
    </marc:datafield>
    <marc:datafield tag="250" ind1=" " ind2=" ">
      <marc:subfield code="a">1. Aufl.</marc:subfield>
    </marc:datafield>
    <marc:datafield tag="264" ind1=" " ind2="1">
      <marc:subfield code="a">Köln :</marc:subfield>
      <marc:subfield code="b">BZgA,</marc:subfield>
      <marc:subfield code="c">1998.</marc:subfield>
    </marc:datafield>
    <marc:datafield tag="300" ind1=" " ind2=" ">
      <marc:subfield code="a">100 S. :</marc:subfield>
      <marc:subfield code="b">graph. Darst.</marc:subfield>
    </marc:datafield>
    <marc:datafield tag="336" ind1=" " ind2=" ">
      <marc:subfield code="b">txt</marc:subfield>
      <marc:subfield code="2">rdacontent</marc:subfield>
    </marc:datafield>
    <marc:datafield tag="337" ind1=" " ind2=" ">
      <marc:subfield code="b">n</marc:subfield>
      <marc:subfield code="2">rdamedia</marc:subfield>
    </marc:datafield>
    <marc:datafield tag="338" ind1=" " ind2=" ">
      <marc:subfield code="b">nc</marc:subfield>
      <marc:subfield code="2">rdacarrier</marc:subfield>
    </marc:datafield>
    <marc:datafield tag="490" ind1="1" ind2=" ">
      <marc:subfield code="a">Forschung und Praxis der Sexualaufklärung und Familienplanung</marc:subfield>
      <marc:subfield code="v">11</marc:subfield>
    </marc:datafield>
    <marc:datafield tag="650" ind1=" " ind2="7">
      <marc:subfield code="a">Eltern.</marc:subfield>
      <marc:subfield code="0">(DE-588)4014516-5</marc:subfield>
      <marc:subfield code="2">gnd</marc:subfield>
      <marc:subfield code="9">rswk-swf</marc:subfield>
    </marc:datafield>
    <marc:datafield tag="650" ind1=" " ind2="7">
      <marc:subfield code="a">Kind.</marc:subfield>
      <marc:subfield code="0">(DE-588)4030550-8</marc:subfield>
      <marc:subfield code="2">gnd</marc:subfield>
      <marc:subfield code="9">rswk-swf</marc:subfield>
    </marc:datafield>
    <marc:datafield tag="650" ind1=" " ind2="7">
      <marc:subfield code="a">Scham.</marc:subfield>
      <marc:subfield code="0">(DE-588)4122343-3</marc:subfield>
      <marc:subfield code="2">gnd</marc:subfield>
      <marc:subfield code="9">rswk-swf</marc:subfield>
    </marc:datafield>
    <marc:datafield tag="650" ind1=" " ind2="7">
      <marc:subfield code="a">Körper.</marc:subfield>
      <marc:subfield code="0">(DE-588)4031575-7</marc:subfield>
      <marc:subfield code="2">gnd</marc:subfield>
      <marc:subfield code="9">rswk-swf</marc:subfield>
    </marc:datafield>
    <marc:datafield tag="650" ind1=" " ind2="7">
      <marc:subfield code="a">Familienerziehung.</marc:subfield>
      <marc:subfield code="0">(DE-588)4016409-3</marc:subfield>
      <marc:subfield code="2">gnd</marc:subfield>
      <marc:subfield code="9">rswk-swf</marc:subfield>
    </marc:datafield>
    <marc:datafield tag="650" ind1=" " ind2="7">
      <marc:subfield code="a">Sexualerziehung.</marc:subfield>
      <marc:subfield code="0">(DE-588)4054679-2</marc:subfield>
      <marc:subfield code="2">gnd</marc:subfield>
      <marc:subfield code="9">rswk-swf</marc:subfield>
    </marc:datafield>
    <marc:datafield tag="689" ind1="0" ind2="0">
      <marc:subfield code="s">Eltern</marc:subfield>
      <marc:subfield code="0">(DE-588)4014516-5</marc:subfield>
      <marc:subfield code="2">gnd</marc:subfield>
    </marc:datafield>
    <marc:datafield tag="689" ind1="0" ind2="1">
      <marc:subfield code="s">Kind</marc:subfield>
      <marc:subfield code="0">(DE-588)4030550-8</marc:subfield>
      <marc:subfield code="2">gnd</marc:subfield>
    </marc:datafield>
    <marc:datafield tag="689" ind1="0" ind2="2">
      <marc:subfield code="s">Scham</marc:subfield>
      <marc:subfield code="0">(DE-588)4122343-3</marc:subfield>
      <marc:subfield code="2">gnd</marc:subfield>
    </marc:datafield>
    <marc:datafield tag="689" ind1="1" ind2="0">
      <marc:subfield code="s">Körper</marc:subfield>
      <marc:subfield code="0">(DE-588)4031575-7</marc:subfield>
      <marc:subfield code="2">gnd</marc:subfield>
    </marc:datafield>
    <marc:datafield tag="689" ind1="1" ind2="1">
      <marc:subfield code="s">Scham</marc:subfield>
      <marc:subfield code="0">(DE-588)4122343-3</marc:subfield>
      <marc:subfield code="2">gnd</marc:subfield>
    </marc:datafield>
    <marc:datafield tag="689" ind1="1" ind2="2">
      <marc:subfield code="s">Familienerziehung</marc:subfield>
      <marc:subfield code="0">(DE-588)4016409-3</marc:subfield>
      <marc:subfield code="2">gnd</marc:subfield>
    </marc:datafield>
    <marc:datafield tag="689" ind1="1" ind2="3">
      <marc:subfield code="s">Sexualerziehung</marc:subfield>
      <marc:subfield code="0">(DE-588)4054679-2</marc:subfield>
      <marc:subfield code="2">gnd</marc:subfield>
    </marc:datafield>
    <marc:datafield tag="830" ind1=" " ind2="0">
      <marc:subfield code="a">Forschung und Praxis der Sexualaufklärung und Familienplanung</marc:subfield>
      <marc:subfield code="w">BV010469214</marc:subfield>
      <marc:subfield code="v">11</marc:subfield>
      <marc:subfield code="9">11</marc:subfield>
    </marc:datafield>
    <marc:datafield tag="856" ind1="4" ind2=" ">
      <marc:subfield code="u">http://bvbr.bib-bvb.de:8991/F?func=service&amp;doc_library=BVB01&amp;local_base=BVB01&amp;doc_number=008089030&amp;sequence=000002&amp;line_number=0001&amp;func_code=DB_RECORDS&amp;service_type=MEDIA</marc:subfield>
    </marc:datafield>
    <marc:datafield tag="942" ind1=" " ind2=" ">
      <marc:subfield code="a">05</marc:subfield>
    </marc:datafield>
    <marc:datafield tag="980" ind1="b" ind2=" ">
      <marc:subfield code="a">Haeberle-Hirschfeld-Archiv</marc:subfield>
      <marc:subfield code="2">ZB011</marc:subfield>
    </marc:datafield>
    <marc:datafield tag="992" ind1=" " ind2=" ">
      <marc:subfield code="w">BV010469214</marc:subfield>
    </marc:datafield>
    <marc:datafield tag="969" ind1=" " ind2=" ">
      <marc:subfield code="a">BV011961960</marc:subfield>
      <marc:subfield code="9">990024102800302882</marc:subfield>
    </marc:datafield>
    <marc:datafield tag="968" ind1=" " ind2=" ">
      <marc:subfield code="a">CP 3000</marc:subfield>
    </marc:datafield>
    <marc:datafield tag="968" ind1=" " ind2=" ">
      <marc:subfield code="a">DG 5000</marc:subfield>
    </marc:datafield>
    <marc:datafield tag="967" ind1="0" ind2="0">
      <marc:subfield code="s">Eltern</marc:subfield>
    </marc:datafield>
    <marc:datafield tag="967" ind1="0" ind2="1">
      <marc:subfield code="s">Kind</marc:subfield>
    </marc:datafield>
    <marc:datafield tag="967" ind1="0" ind2="2">
      <marc:subfield code="s">Scham</marc:subfield>
    </marc:datafield>
    <marc:datafield tag="967" ind1="1" ind2="0">
      <marc:subfield code="s">Körper</marc:subfield>
    </marc:datafield>
    <marc:datafield tag="967" ind1="1" ind2="1">
      <marc:subfield code="s">Scham</marc:subfield>
    </marc:datafield>
    <marc:datafield tag="967" ind1="1" ind2="2">
      <marc:subfield code="s">Familienerziehung</marc:subfield>
    </marc:datafield>
    <marc:datafield tag="967" ind1="1" ind2="3">
      <marc:subfield code="s">Sexualerziehung</marc:subfield>
    </marc:datafield>
    <marc:datafield tag="950" ind1=" " ind2=" ">
      <marc:subfield code="s">false</marc:subfield>
    </marc:datafield>
    <marc:datafield tag="852" ind1="7" ind2=" ">
      <marc:subfield code="b">ZB011</marc:subfield>
      <marc:subfield code="c">0042</marc:subfield>
      <marc:subfield code="h">2007 MHA 46'a':F8</marc:subfield>
      <marc:subfield code="2">zde11nc</marc:subfield>
      <marc:subfield code="8">22588443100002882</marc:subfield>
    </marc:datafield>
    <marc:datafield tag="852" ind1="7" ind2=" ">
      <marc:subfield code="b">ZB011</marc:subfield>
      <marc:subfield code="c">0042</marc:subfield>
      <marc:subfield code="h">2007 MHA 46'b':F8</marc:subfield>
      <marc:subfield code="2">zde11nc</marc:subfield>
      <marc:subfield code="8">22588443060002882</marc:subfield>
    </marc:datafield>
    <marc:datafield tag="852" ind1="7" ind2=" ">
      <marc:subfield code="b">ZB011</marc:subfield>
      <marc:subfield code="c">0042</marc:subfield>
      <marc:subfield code="h">2007 MHA 46:F8</marc:subfield>
      <marc:subfield code="2">zde11nc</marc:subfield>
      <marc:subfield code="8">22588443030002882</marc:subfield>
    </marc:datafield>
    <marc:datafield tag="AVA" ind1=" " ind2=" ">
      <marc:subfield code="8">23588443090002882</marc:subfield>
      <marc:subfield code="e">1</marc:subfield>
      <marc:subfield code="r">23</marc:subfield>
      <marc:subfield code="c">0042</marc:subfield>
      <marc:subfield code="d">2007 MHA 46'a':F8</marc:subfield>
      <marc:subfield code="s">00001101231701</marc:subfield>
      <marc:subfield code="b">ZB011</marc:subfield>
    </marc:datafield>
    <marc:datafield tag="AVA" ind1=" " ind2=" ">
      <marc:subfield code="8">23588443040002882</marc:subfield>
      <marc:subfield code="e">1</marc:subfield>
      <marc:subfield code="r">23</marc:subfield>
      <marc:subfield code="c">0042</marc:subfield>
      <marc:subfield code="d">2007 MHA 46'b':F8</marc:subfield>
      <marc:subfield code="s">00001101229130</marc:subfield>
      <marc:subfield code="b">ZB011</marc:subfield>
    </marc:datafield>
    <marc:datafield tag="AVA" ind1=" " ind2=" ">
      <marc:subfield code="8">23588443020002882</marc:subfield>
      <marc:subfield code="e">1</marc:subfield>
      <marc:subfield code="r">23</marc:subfield>
      <marc:subfield code="c">0042</marc:subfield>
      <marc:subfield code="d">2007 MHA 46:F8</marc:subfield>
      <marc:subfield code="s">00001101231690</marc:subfield>
      <marc:subfield code="b">ZB011</marc:subfield>
    </marc:datafield>
    <marc:datafield tag="969" ind1=" " ind2=" ">
      <marc:subfield code="c">BV010469214</marc:subfield>
      <marc:subfield code="8">990013488180302882</marc:subfield>
    </marc:datafield>
    <marc:datafield tag="TYP" ind1=" " ind2=" ">
      <marc:subfield code="8">990013488180302882</marc:subfield>
      <marc:subfield code="a">Contains</marc:subfield>
    </marc:datafield>
    <marc:datafield tag="999" ind1=" " ind2=" ">
      <marc:subfield code="a">oai:alma.49KOBV_HUB:990024102800302882</marc:subfield>
    </marc:datafield>
    <marc:datafield tag="049" ind1=" " ind2=" ">
      <marc:subfield code="a">DE-11;BV011961960</marc:subfield>
    </marc:datafield>
    <marc:datafield tag="049" ind1=" " ind2=" ">
      <marc:subfield code="a">DE-578;BV011961960</marc:subfield>
    </marc:datafield>
    <marc:datafield tag="049" ind1=" " ind2=" ">
      <marc:subfield code="a">DE-609;12613394</marc:subfield>
    </marc:datafield>
    <marc:datafield tag="049" ind1=" " ind2=" ">
      <marc:subfield code="a">DE-83;BV011961960</marc:subfield>
    </marc:datafield>
    <marc:datafield tag="856" ind1="4" ind2=" ">
      <marc:subfield code="u">http://bvbr.bib-bvb.de:8991/F?func=service&amp;doc_library=BVB01&amp;local_base=BVB01&amp;doc_number=008089030&amp;sequence=000002&amp;line_number=0001&amp;func_code=DB_RECORDS&amp;service_type=MEDIA</marc:subfield>
      <marc:subfield code="3">Inhaltsverzeichnis</marc:subfield>
    </marc:datafield>
    <marc:datafield tag="856" ind1="4" ind2=" ">
      <marc:subfield code="u">http://bvbr.bib-bvb.de:8991/F?func=service&amp;doc_library=BVB01&amp;local_base=BVB01&amp;doc_number=008089030&amp;sequence=000002&amp;line_number=0001&amp;func_code=DB_RECORDS&amp;service_type=MEDIA</marc:subfield>
    </marc:datafield>
    <marc:datafield tag="969" ind1=" " ind2=" ">
      <marc:subfield code="a">BV011961960</marc:subfield>
      <marc:subfield code="9">9961342105102883</marc:subfield>
    </marc:datafield>
    <marc:datafield tag="969" ind1=" " ind2=" ">
      <marc:subfield code="c">BV010469214</marc:subfield>
      <marc:subfield code="8">990004052830402883</marc:subfield>
    </marc:datafield>
    <marc:datafield tag="969" ind1=" " ind2=" ">
      <marc:subfield code="a">BV011961960</marc:subfield>
      <marc:subfield code="9">990004035440302884</marc:subfield>
    </marc:datafield>
    <marc:datafield tag="969" ind1=" " ind2=" ">
      <marc:subfield code="c">BV010469214</marc:subfield>
      <marc:subfield code="8">990002646410302884</marc:subfield>
    </marc:datafield>
    <marc:datafield tag="092" ind1=" " ind2=" ">
      <marc:subfield code="x">almafu_BV011961960</marc:subfield>
    </marc:datafield>
    <marc:datafield tag="092" ind1=" " ind2=" ">
      <marc:subfield code="x">almatuudk_BV011961960</marc:subfield>
    </marc:datafield>
    <marc:datafield tag="092" ind1=" " ind2=" ">
      <marc:subfield code="x">kobvindex_ZLB12613394</marc:subfield>
    </marc:datafield>
    <marc:datafield tag="924" ind1=" " ind2=" ">
      <marc:subfield code="a">BV011961960</marc:subfield>
      <marc:subfield code="b">DE-578</marc:subfield>
      <marc:subfield code="c">KOBV</marc:subfield>
      <marc:subfield code="d">c</marc:subfield>
      <marc:subfield code="c">KOBV</marc:subfield>
    </marc:datafield>
    <marc:datafield tag="924" ind1=" " ind2=" ">
      <marc:subfield code="a">BV011961960</marc:subfield>
      <marc:subfield code="b">DE-11</marc:subfield>
      <marc:subfield code="c">KOBV</marc:subfield>
      <marc:subfield code="d">c</marc:subfield>
      <marc:subfield code="c">KOBV</marc:subfield>
    </marc:datafield>
    <marc:datafield tag="924" ind1=" " ind2=" ">
      <marc:subfield code="a">12613394</marc:subfield>
      <marc:subfield code="b">DE-609</marc:subfield>
      <marc:subfield code="c">KOBV</marc:subfield>
      <marc:subfield code="d">c</marc:subfield>
      <marc:subfield code="c">KOBV</marc:subfield>
    </marc:datafield>
    <marc:datafield tag="924" ind1=" " ind2=" ">
      <marc:subfield code="a">BV011961960</marc:subfield>
      <marc:subfield code="b">DE-83</marc:subfield>
      <marc:subfield code="c">KOBV</marc:subfield>
      <marc:subfield code="d">c</marc:subfield>
      <marc:subfield code="c">KOBV</marc:subfield>
    </marc:datafield>
  </marc:record>
</marc:collection>
